000 00453nam a2200181Ia 4500
008 131103s9999 xx 000 0 und d
040 _aLoreto College
041 _aEnglish
082 _aF/MEH
_bLCBED/6547
100 _aMehta, Ved
245 _aFace to face
_cVed Mehta
260 _aEngland
_bPenguin Books
_c1970
300 _a298p.
_c 18cm.
504 _aIncludes glossary
650 _aEnglish fiction
850 _aLCBED/F/MEH
942 _cBK
999 _c32807
_d83286